Liedtext - Au revoir Mark Forster feat. Sido - Statistiken

Allgemein
  • Dieses Quiz wurde 123 mal gespielt
  • Das Durchschnittsergebnis liegt bei 150 aus 347
Antwortstatistiken
Antwort % Korrekt
ich
87%
1. Strophe In
87%
diesem
85%
wo
85%
wohn'
85%
Haus,
84%
alles
72%
gewohnt
72%
Kotzen
72%
so
72%
so
72%
vertraut.
72%
zum
72%
hier
71%
ist
69%
au
61%
Refrain Es
61%
gibt
61%
nichts,
61%
revoir.
61%
was
61%
hält,
60%
mich
60%
gleich,
58%
ich
58%
ist
58%
jeder
58%
mein'n
58%
Runden
58%
Tag
58%
Teich.
58%
durch
56%
hier
56%
Ich
56%
Ich
56%
ich
56%
meinen
56%
Nam'n.
56%
noch
56%
nur
56%
raus.
56%
so
56%
war,
56%
wer
56%
will
56%
au,
55%
au,
55%
au,
55%
au,
55%
au
55%
bin
55%
Es
55%
es
55%
Ich
55%
mehr
55%
revoir.
55%
sein,
55%
Vergesst
55%
vergesst
55%
war.
55%
weg
55%
wie
55%
wird
55%
zieh'
55%
ich
54%
nie
54%
au,
53%
au,
53%
au,
53%
au,
53%
au
53%
au,
53%
au,
53%
au,
53%
au,
53%
2. Strophe Auf
53%
revoir
53%
(Sido) Wiederseh'n?
53%
gepackt,
52%
hab'
52%
Ich
52%
meine
52%
Sachen
52%
Auf
51%
hau'
51%
ich
51%
Ich
51%
rein.
51%
Wind,
51%
alles
49%
brauch
49%
frischen
49%
hinter
49%
Ich
49%
kein'n!
49%
lass'
49%
Mann,
49%
mir.
49%
nie
49%
zu
49%
zurück
49%
die
48%
durch
48%
Grosses
48%
Hab'
48%
hier
48%
hin.
48%
ich
48%
Ich
48%
im
48%
komm
48%
Kopfsprung
48%
mach'
48%
mir.
48%
schnell
48%
Sonst
48%
Tür',
48%
Visier.
48%
was
48%
woanders
48%
das
47%
fest.
47%
Ich
47%
muss
47%
'nen
47%
Sonst
47%
und
47%
wachs'
47%
wird
47%
Alaska.
46%
alles
46%
bis
46%
das,
46%
das
46%
Fahr'
46%
für
46%
hab'.
46%
Ich
46%
ich
46%
immer
46%
in
46%
in
46%
kalte
46%
mach'
46%
mehr
46%
mich
46%
mit
46%
nach
46%
'nem
46%
Platz
46%
spring'
46%
was
46%
Wasser.
46%
bleiben.
45%
Gummiboot
45%
ich
45%
Ich
45%
nur
45%
Singapur
45%
Traum
45%
verpasst
45%
auf
44%
dieser
44%
geh'
44%
Reisen.
44%
Refrain Es
42%
gibt
42%
mich
42%
nichts,
42%
was
42%
au
41%
Freiheit,
41%
hält,
41%
Ich
41%
revoir!
41%
Ich
40%
ich
40%
oder
40%
wie
40%
andere
39%
au,
39%
au,
39%
au,
39%
au,
39%
au
39%
Au,
39%
au,
39%
au,
39%
au,
39%
bin
39%
brauch'
39%
den'
39%
Es
39%
es
39%
fühl'
39%
hörten.
39%
ich
39%
Ich
39%
mehr
39%
meinen
39%
mich
39%
Namen!
39%
nie
39%
Orte,
39%
revoir!
39%
sein,
39%
Vergesst
39%
vergesst
39%
von
39%
war,
39%
war!
39%
weg
39%
wer
39%
wie
39%
wird
39%
au
38%
au,
38%
au,
38%
au,
38%
auf
38%
den
38%
Der
38%
Ich
38%
Kraft
38%
revoir,
38%
Steve
38%
au,
36%
die
36%
Freunde,
36%
ich
36%
im
36%
in
36%
Indien,
36%
Kinder
36%
mach'
36%
neue
36%
nie
36%
tank'
36%
Wie
36%
Abflug.
35%
Au
35%
gut.
35%
Ich
35%
jetzt
35%
Jones.
35%
Klappe
35%
macht
35%
macht's
35%
meine
35%
n'
35%
revoir
35%
seh'
35%
Spuren
35%
tot,
35%
und
35%
zu.
35%
Affe
34%
dann
34%
Dschungel
34%
Indiana
34%
mich
34%
Phönix
34%
Auf
33%
den
33%
n'
33%
Schuh.
33%
setz
33%
Au,
32%
au,
32%
au
32%
Humboldt
32%
Ich
32%
Maya-Thron.
32%
revoir
32%
revoir
32%
Tschüss,
32%
von
32%
alten
31%
au
31%
Au,
31%
au,
31%
au
31%
au,
31%
au
31%
Au,
31%
au,
31%
au,
31%
au
31%
au
31%
au
31%
au
31%
au
31%
au
31%
au,
31%
au,
31%
au,
31%
au,
31%
au
31%
au,
31%
au,
31%
au,
31%
au,
31%
au
31%
au,
31%
au,
31%
au,
31%
au.
31%
Es
31%
Leben
31%
revoir
31%
revoir
31%
revoir
31%
revoir
31%
revoir
31%
sag'
31%
Au,
29%
au,
29%
Au,
29%
au,
29%
au
29%
au,
29%
au,
29%
au,
29%
dem
29%
gibt
29%
hält,
29%
mich
29%
nichts,
29%
revoir.
29%
was
29%
bin
28%
da.
28%
Es
28%
es
28%
ich
28%
mehr
28%
Messner,
28%
nie
28%
sein,
28%
war.
28%
weg.
28%
wie
28%
wird
28%
das
21%
Irwin.
21%
such'
20%
Weite
20%
Keine übereinstimmenden Quizze gefunden
Verteilung der Resultate
Anzahl Personen mit jedem Resultat
Perzentil nach korrekt beantworteten Fragen
Ihre Resultats-Entwicklung
Sie haben dieses Quiz noch nicht gespielt